000 00397nam a2200169Ia 4500
008 170705s9999 xx 000 0 und d
020 _a9780545061605
245 4 _aThe gingerbread girl /
245 _cLisa Campbell Ernst.
260 _aNew York :
260 _bScholastic,
260 _c2006
300 _aunpaged :
300 _bcolor illustration ;
300 _c28cm.
500 _a950
999 _c336673
_d336673